Úspěšné zavádění strategického řízení firmy

Salvato in:
Dettagli Bibliografici
Autore principale: Souček, Zdeněk
Natura: Libro
Lingua:ceco
Pubblicazione: Praha Professional Publishing 2003
Soggetti:
Tags: Aggiungi Tag
Nessun Tag, puoi essere il primo ad aggiungerne!!

MARC

LEADER 00000nam$a2200000$$$4500
001 0019362
005 20240306141722.5
020 |a 80-86419-47-9 
041 0 |a cze 
044 |a CZ 
245 1 0 |a Úspěšné zavádění strategického řízení firmy  |c Zdeněk Souček 
264 1 |a Praha  |b Professional Publishing  |c 2003 
300 |a 213 s. 
610 2 0 |a riadenie strategické 
610 2 0 |a stratégia podniková 
610 2 0 |a rozhodovanie strategické 
610 2 0 |a informácie strategické 
610 2 0 |a manažment strategický 
610 2 0 |a plán strategický 
610 2 0 |a ciele riadenia 
100 1 |a Souček, Zdeněk